000 00775nam a2200217 a 4500
001 000016304
005 20200929164349.0
008 100303t1985 dr 001 0 spa d
040 _aDO-SdBNP
_bspa
_cBNPHU
082 _a335.4
_bH289r
100 1 _aHarnecker, Martha
_936395
245 1 0 _aReflexiones acerca del problema de la transición al socialismo /
_cMartha Harnecker.
260 _aSanto Domingo :
_bAlfa y Omega,
_c1985.
300 _a132 p. ;
_c21 cm.
500 _aIncluye bibliografía y notas al pie de páginas.
504 _aBibliografía : p. 130-131
590 _aInventariado, 2018/LP
650 4 _aSocialismo
_xEnsayos, conferencias, etc.
_936396
650 4 _aMarxismo
_xEnsayos, conferencias, etc.
_936397
910 _aValidado. Control de calidad EMS.
999 _c15839
_d15839